| 000 | 00533nam a22001697a 4500 | ||
|---|---|---|---|
| 999 |
_c2250 _d2250 |
||
| 008 | 191202b2014 ||||| |||| 00| 0 eng d | ||
| 020 | _a9788189729806 | ||
| 082 | 0 | 0 |
_223 _a627.98 _bOFF |
| 100 | 1 | _aRamakrishnan, T. V. | |
| 245 | 1 | 0 |
_aOffshore Engineering / _cby T. V. Ramakrishnan. |
| 260 |
_aNew Delhi : _bGene Tech, _cc 2008. |
||
| 300 |
_a347 p.: _bill. ; _c22 cm. |
||
| 650 | 0 | _aMarine engineering. | |
| 650 | 0 | _aOffshore structures Design and construction. | |
| 650 | 0 | _aTechnology & Engineering Hydraulics. | |
| 942 | _cBK | ||